banner koha

A Sessão de Nomenclatura em Shenzhen (China) e as principais modificações no Código Internacional de Nomenclatura para Algas, Fungos e Plantas (Registro n. 331633)

MARC details
000 -LÍDER
fixed length control field 02901nab a2200301 i 4500
003 - CÓDIGO MARC DA AGÊNCIA CATALOGADORA
Campo de controle BR-BrBNA
005 - DATA E HORA DA ÚLTIMA ATUALIZAÇÃO
Campo de controle 20250521110554.0
008 - CAMPO DE TAMANHO FIXO
fixed length control field 250521b2017 bl.qr|pooa||| 00| 0 por |
040 ## - FONTE DA CATALOGAÇÃO
Agência catalogadora BR-BrBNA
Idioma da catalogação por
072 ## - CATEGORIA AGRIS
Código AGRIS F70
100 ## - ENTRADA PRINCIPAL - NOME PESSOAL
Nome pessoal Prado, Jefferson
100 ## - ENTRADA PRINCIPAL - NOME PESSOAL
Nome pessoal Hirai, Regina Y.
100 ## - ENTRADA PRINCIPAL - NOME PESSOAL
Nome pessoal Shimizu, Gustavo H.
100 ## - ENTRADA PRINCIPAL - NOME PESSOAL
Nome pessoal Cantuária, Patrick C.
245 ## - TÍTULO PRINCIPAL
Título principal A Sessão de Nomenclatura em Shenzhen (China) e as principais modificações no Código Internacional de Nomenclatura para Algas, Fungos e Plantas
500 ## - NOTA GERAL
Nota geral Publicação on-line; 11 ref.; 1 illus.; Summaries (En, Pt)
942 ## - ADDED ENTRY ELEMENTS (KOHA)
Koha item type Analítica
520 ## - NOTA DE RESUMO
Nota de conteúdo <br/><br/>Resumo<br/><br/>Nesta nota científica estão sendo apresentadas e discutidas as principais modificações que serão introduzidas<br/>no Código de Shenzhen, que deverá ser publicado em 2018, aprovadas durante a Sessão de Nomenclatura do<br/>XIX Congresso Internacional de Botânica realizado na China, em julho de 2017. Dentre as modificações mais<br/>importantes destacam-se: a inclusão de uma Nota que esclarece lectotipificações inadvertidas, foi aprovado<br/>o conceito de registro de novos nomes de algas e plantas, a criação de um capítulo específico para as regras<br/>restritas aos fungos, modificações na Divisão III do Código com a inclusão dos procedimentos adotados<br/>durante a Sessão de Nomenclatura, inclusão do Apêndice I (Artigos que tratam de nomes de organismos<br/>híbridos) no corpo do Código, dentre outras.<br/><br/>Palavras-chave: Artigos, lectotipificações inadvertidas, propostas, votos institucionais.<br/><br/><br/><br/><br/>Abstract<br/><br/>In this short communication are being presented and discussed the main changes that will be implemented<br/>in the Shenzhen Code, that will be published in 2018, approved during the Nomenclature Section of the XIX<br/>International Botanical Congress held in China, in July 2017. Among the most important modifications are the<br/>inclusion of a Note that clarifies inadvertent lectotypifications, it was approved the concept of registration of<br/>new names of algae and plants, the creation of a specific chapter for the rules restricted to fungi, modifications<br/>in Division III of the Code with the inclusion of procedures adopted during the Nomenclature Section, inclusion<br/>of the Appendix I (Articles dealing with names of hybrid organisms) in the body of the Code, among others.<br/><br/>Key words: Articles, inadvertent lectotypifications, proposals, institutional votes.
650 ## - ASSUNTO - THESAGRO
Cabeçalho tópico ou nome geográfico NOMENCLATURA
650 ## - ASSUNTO - THESAGRO
Cabeçalho tópico ou nome geográfico TAXONOMIA
650 ## - ASSUNTO - THESAGRO
Cabeçalho tópico ou nome geográfico ALGA
650 ## - ASSUNTO - THESAGRO
Cabeçalho tópico ou nome geográfico FUNGO
650 ## - ASSUNTO - THESAGRO
Cabeçalho tópico ou nome geográfico PLANTA
650 ## - ASSUNTO - THESAGRO
Cabeçalho tópico ou nome geográfico CHINA
773 0# - ENTRADA ANALÍTICA
Host Biblionumber 709
Registro do item 350397
Imprenta Rio de Janeiro-RJ Jardim Botanico do Rio de Janeiro 1935
Outro identificador 2025-3016
Título Rodriguésia (Brazil)
ISSN 0370-6583; 2175-7860 on-line
Colação v. 68(4) p. 1499-1503; (2017)
Número de controle de registro BR2025001207
856 ## - ACESSO E ENDEREÇO ELETRÔNICO
Identificador uniforme de recurso - URI https://www.scielo.br/j/rod/a/c9Y7zz8mXFZTHDywrMfRr8d/?format=pdf&lang=pt

Nenhum exemplar disponível.

BINAGRI

Telefone: (61)3218-2567/2388/3357/2097 - binagri@agro.gov.br

Ministério da Agricultura e Pecuária , Esplanada dos Ministérios, Bloco D, Anexo B, Brasília/DF, CEP: 70.043-900